| 000 | 03318cam a2200553 i 4500 | ||
|---|---|---|---|
| 001 | 1949 | ||
| 003 | OCoLC | ||
| 005 | 20260413162019.0 | ||
| 008 | 250304t20252025nyu e b 000 f eng | ||
| 010 | _a 2025007880 | ||
| 040 |
_aDLC _beng _erda _cDLC _dOCLCO _dIG# _dYDX _dHBP _dTH8 _dGL4 _dIDW _dOCLCO _dMLSOD _dJQM _dVP@ _dYDX _dMWD _dMDB _dYU6 _dVPW |
||
| 019 |
_a1478324840 _a1492197161 |
||
| 020 |
_a9798217085705 _q(hardback) : _c$29.00 |
||
| 035 |
_a(OCoLC)1507843030 _z(OCoLC)1478324840 _z(OCoLC)1492197161 |
||
| 042 | _apcc | ||
| 043 | _an-cn-nt | ||
| 050 | 0 | 0 |
_aPR6113.C4832 _bW48 2025 |
| 082 | 0 | 0 |
_a823/.92 _223/eng/20250304 |
| 092 |
_aFic _bMcGuire |
||
| 049 | _aVPW1 | ||
| 100 | 1 |
_aMcGuire, Ian, _eauthor. _1https://id.oclc.org/worldcat/entity/E39PBJqK6XFbXxtC6jJjCGPPcP |
|
| 245 | 1 | 0 |
_aWhite River crossing : _ba novel / _cIan McGuire. |
| 250 | _aFirst edition. | ||
| 264 | 1 |
_aNew York : _bCrown, _c[2025] |
|
| 264 | 4 | _c©2025 | |
| 300 |
_ax, 274 pages ; _c25 cm |
||
| 336 |
_atext _btxt _2rdacontent |
||
| 337 |
_aunmediated _bn _2rdamedia |
||
| 338 |
_avolume _bnc _2rdacarrier |
||
| 504 | _aIncludes bibliographical references. | ||
| 520 |
_a"A ragged fur peddler arrives at a remote outpost of the Hudson Bay Company in the winter of 1766 with a lump of gold, claiming that there is plenty more like it further north at a place called Ox Lake. The outpost's chief factor, Magnus Norton, dreams of instant riches and launches a secret and perilous expedition to find the treasure and bring it back. Led by a family of native guides, the party of prospectors includes Norton's brutish deputy, John Shaw, and Thomas Hearn, the insular and intellectual first mate from the factory's whaling sloop. During their long journey north, Shaw's callousness and arrogance lead him to commit an act of sexual violence whose disastrous consequences will only fully emerge once they reach their final destination. There, amidst the bleak beauty of the Barren Grounds, as Norton's carefully crafted plans begin to fall apart and the brutal arctic winter starts to descend, Hearn is forced to make a choice that will define his character and determine his future forever. Utterly captivating, White River Crossing transports us back to the furthest edges of the eighteenth-century British empire where two radically different worlds-indigenous and European-collide with calamitous and deadly results"-- _cProvided by publisher. |
||
| 651 | 0 |
_aNorthwest Territories _xHistory _y18th century _vFiction. |
|
| 650 | 0 |
_aFur traders _vFiction. |
|
| 650 | 0 |
_aIndians of North America _vFiction. |
|
| 650 | 0 |
_aSex crimes _vFiction. |
|
| 650 | 0 |
_aTreasure hunting _vFiction. |
|
| 650 | 0 | _aSuspense fiction. | |
| 650 | 6 |
_aCoureurs de bois _0(CaQQLa)201-0096049 _vRomans, nouvelles, etc. _0(CaQQLa)201-0377299 |
|
| 650 | 6 |
_aViolence sexuelle _0(CaQQLa)201-0007931 _vRomans, nouvelles, etc. _0(CaQQLa)201-0377299 |
|
| 650 | 6 |
_aChasse au trésor _0(CaQQLa)201-0368434 _vRomans, nouvelles, etc. _0(CaQQLa)201-0377299 |
|
| 650 | 7 |
_aGold miners _vFiction. _2sears |
|
| 650 | 7 |
_aNative peoples _vFiction. _2sears |
|
| 651 | 7 |
_aCanada _vFiction. _2sears |
|
| 655 | 7 |
_aHistorical fiction. _2lcgft |
|
| 655 | 7 |
_aAction and adventure fiction. _2lcgft |
|
| 655 | 7 |
_aThrillers (Fiction) _2lcgft |
|
| 655 | 7 |
_aNovels. _2lcgft |
|
| 910 | _an26/4 cr | ||
| 999 |
_c1949 _d1949 |
||